[Event "COL-ch"]
[Site "Palmira"]
[Date "2017.05.20"]
[Round "8"]
[White "Sanchez, Victor Hugo"]
[Black "Arango, Andres Mauricio"]
[Result "1-0"]
[WhiteElo "2260"]
[BlackElo "2083"]
[PlyCount "58"]
[EventDate "2017.05.15"]
[EventType "swiss"]
[EventRounds "10"]
[EventCountry "COL"]
[SourceTitle "CBM 178 Extra"]
[Source "ChessBase"]
[SourceDate "2017.06.22"]
[SourceVersion "1"]
[SourceVersionDate "2017.06.22"]
[SourceQuality "1"]

1. d4 d5 2. Nf3 c6 3. Bf4 Qb6 4. Qc1 Bf5 5. Nbd2 e6 6. e3 Qd8 7. Bd3 Bd6 8. Bxf5 exf5 9. Bxd6 Qxd6 10. 0-0 Ne7 11. c4 0-0 12. cxd5 Qxd5 13. Qc3 Nd7 14. Rfc1 b6 15. b4 Rfc8 16. a4 a5 17. bxa5 Rxa5 18. Nc4 Ra6 19. Qb4 Qe6 20. Nce5 Nxe5 21. Nxe5 Rca8 22. Qb2 f6 23. Nd3 g5 24. h3 Kg7 25. Qc2 Qd6 26. Nb2 h5 27. Qe2 h4 28. Rc4 Qe6 29. Qc2 Kg6 1-0

[Event "COL-ch"]
[Site "Palmira"]
[Date "2017.05.17"]
[Round "4"]
[White "Sanchez, Victor Hugo"]
[Black "Bedoya, Gustavo"]
[Result "1-0"]
[WhiteElo "2260"]
[BlackElo "1587"]
[PlyCount "89"]
[EventDate "2017.05.15"]
[EventType "swiss"]
[EventRounds "10"]
[EventCountry "COL"]
[SourceTitle "CBM 178 Extra"]
[Source "ChessBase"]
[SourceDate "2017.06.22"]
[SourceVersion "1"]
[SourceVersionDate "2017.06.22"]
[SourceQuality "1"]

1. Nf3 Nf6 2. c4 e6 3. b3 b6 4. Bb2 Bb7 5. e3 Bb4 6. Be2 0-0 7. 0-0 c6 8. d3 d5 9. Nbd2 Nbd7 10. Qc2 Qe7 11. Rfd1 Ba3 12. Nf1 Bxb2 13. Qxb2 Rfd8 14. Ng3 Rac8 15. Rac1 Ba8 16. cxd5 cxd5 17. d4 Ne4 18. Ba6 Rxc1 19. Rxc1 Nb8 20. Bd3 Bb7 21. Qc2 Qe8 22. Bxe4 dxe4 23. Nxe4 Qc6 24. Qxc6 Nxc6 25. Ng3 Rc8 26. Ne2 Nb4 27. Rxc8+ Bxc8 28. Nc1 Bb7 29. Ne1 Kf8 30. f3 Ke7 31. Kf2 f6 32. e4 g5 33. Ke3 Kd6 34. a3 Nc6 35. Ned3 h6 36. b4 Ba8 37. Ne2 f5 38. g3 fxe4 39. fxe4 Bb7 40. Nc3 a6 41. Na4 e5 42. dxe5+ Nxe5 43. Nxe5 Kxe5 44. Nxb6 Bxe4 45. Nd7+ 1-0

[Event "Santiago de Cali op"]
[Site "Cali"]
[Date "2016.12.29"]
[Round "8"]
[White "Sanchez, Victor Hugo"]
[Black "Rios, Cristhian Camilo"]
[Result "0-1"]
[WhiteElo "2245"]
[BlackElo "2482"]
[PlyCount "55"]
[EventDate "2016.12.26"]
[EventType "swiss"]
[EventRounds "8"]
[EventCountry "COL"]
[SourceTitle "EXT 2018"]
[Source "ChessBase"]
[SourceDate "2017.10.13"]
[SourceVersion "1"]
[SourceVersionDate "2017.10.13"]
[SourceQuality "1"]

1. d4 f5 2. c4 Nf6 3. Nc3 d6 4. Nf3 g6 5. h4 Bg7 6. h5 Nxh5 7. Rxh5 gxh5 8. e4 0-0 9. Ng5 h6 10. Nh3 e5 11. dxe5 dxe5 12. Qxh5 f4 13. b3 Be6 14. Ba3 Rf7 15. Rd1 Rd7 16. Nd5 Nc6 17. Be2 Nd4 18. Rxd4 exd4 19. Nhxf4 Bf7 20. Qg4 c6 21. Nb4 Re7 22. Qf5 Re5 23. Qg4 Re7 24. Ne6 Rd7 25. Nd5 Bxe6 26. Qxe6+ Kh8 27. Be7 Qe8 28. Nf4 0-1

[Event "Santiago de Cali op"]
[Site "Cali"]
[Date "2016.12.28"]
[Round "6"]
[White "Sanchez, Victor Hugo"]
[Black "Barreiro Jurado, Frank"]
[Result "1-0"]
[WhiteElo "2245"]
[BlackElo "2095"]
[PlyCount "87"]
[EventDate "2016.12.26"]
[EventType "swiss"]
[EventRounds "8"]
[EventCountry "COL"]
[SourceTitle "EXT 2018"]
[Source "ChessBase"]
[SourceDate "2017.10.13"]
[SourceVersion "1"]
[SourceVersionDate "2017.10.13"]
[SourceQuality "1"]

1. e4 d6 2. d4 Nf6 3. Nc3 g6 4. f3 c6 5. a4 Bg7 6. Be3 Nbd7 7. Nh3 Qa5 8. Nf2 0-0 9. Be2 e5 10. 0-0 Re8 11. Qd2 exd4 12. Bxd4 d5 13. exd5 Nxd5 14. Bxg7 Kxg7 15. Qd4+ N7f6 16. Bd3 c5 17. Qc4 Nxc3 18. Qxc3 Qxc3 19. bxc3 Be6 20. a5 c4 21. Be4 Bd5 22. Bxd5 Nxd5 23. Ne4 Rad8 24. Rfb1 Re7 25. Rd1 Ree8 26. Rab1 b6 27. axb6 axb6 28. Rb5 f5 29. Rbxd5 Rxd5 30. Rxd5 fxe4 31. Rd7+ Kh6 32. f4 e3 33. Kf1 e2+ 34. Ke1 Re4 35. g3 Re3 36. g4 Rf3 37. Rf7 Rxc3 38. Kxe2 b5 39. Kd2 Rf3 40. h3 Rxh3 41. g5+ Kh5 42. Rxh7+ Kg4 43. Rxh3 Kxh3 44. f5 1-0

[Event "Santiago de Cali op"]
[Site "Cali"]
[Date "2016.12.27"]
[Round "4"]
[White "Sanchez, Victor Hugo"]
[Black "Arias, Daniel"]
[Result "1-0"]
[WhiteElo "2245"]
[BlackElo "1995"]
[PlyCount "41"]
[EventDate "2016.12.26"]
[EventType "swiss"]
[EventRounds "8"]
[EventCountry "COL"]
[SourceTitle "EXT 2018"]
[Source "ChessBase"]
[SourceDate "2017.10.13"]
[SourceVersion "1"]
[SourceVersionDate "2017.10.13"]
[SourceQuality "1"]

1. d4 Nf6 2. Nc3 d5 3. Bf4 Bf5 4. f3 c6 5. g4 Bg6 6. h4 h5 7. g5 Nfd7 8. e4 e6 9. Bd3 dxe4 10. fxe4 Bb4 11. Nge2 Qa5 12. a3 Be7 13. e5 a6 14. Bc4 Qc7 15. Qd2 0-0 16. 0-0-0 c5 17. dxc5 Nxc5 18. Ng3 Nc6 19. Kb1 Nxe5 20. Rhf1 Rfd8 21. Qe2 1-0

[Event "Medellin Flores op 23rd"]
[Site "Medellin"]
[Date "2016.08.04"]
[Round "2"]
[White "Sanchez, Victor Hugo"]
[Black "Arango, Andres Mauricio"]
[Result "1-0"]
[WhiteElo "2276"]
[BlackElo "2069"]
[PlyCount "75"]
[EventDate "2016.08.03"]
[EventType "swiss"]
[EventRounds "9"]
[EventCountry "COL"]
[SourceTitle "CBM 173 Extra"]
[Source "ChessBase"]
[SourceDate "2016.08.29"]
[SourceVersion "1"]
[SourceVersionDate "2016.08.29"]
[SourceQuality "1"]

1. e4 c5 2. b3 Nc6 3. Bb2 e5 4. Bb5 Qg5 5. Ne2 Qxg2 6. Ng3 Qh3 7. Nc3 d6 8. Nd5 Qd7 9. 0-0 g6 10. f4 Bg7 11. f5 Qd8 12. Qf3 f6 13. c3 a6 14. Be2 Nce7 15. Ne3 Nh6 16. Rf2 Qc7 17. Rg2 Bd7 18. Nh5 0-0 19. Bc4+ Kh8 20. Nxg7 Kxg7 21. fxg6 hxg6 22. d4 b5 23. Bd5 Nxd5 24. Nxd5 Qd8 25. dxc5 dxc5 26. Rd1 Nf7 27. Bc1 Rc8 28. Qg3 g5 29. h4 Kg6 30. hxg5 fxg5 31. Rf1 Rc6 32. Rgf2 Be8 33. Rf6+ Rxf6 34. Rxf6+ Kg7 35. Bxg5 Rg8 36. Kf2 Qd7 37. Be3+ Kh7 38. Qh4+ 1-0

[Event "COL pre olympic sf1"]
[Site "Medellin"]
[Date "2016.03.24"]
[Round "4"]
[White "Lora, Joel Fernando"]
[Black "Sanchez, Victor Hugo"]
[Result "0-1"]
[WhiteElo "2132"]
[BlackElo "2235"]
[PlyCount "98"]
[EventDate "2016.03.22"]
[EventType "swiss"]
[EventRounds "9"]
[EventCountry "COL"]
[SourceTitle "CBM 171 Extra"]
[Source "ChessBase"]
[SourceDate "2016.04.26"]
[SourceVersion "1"]
[SourceVersionDate "2016.04.26"]
[SourceQuality "1"]

1. Nf3 Nf6 2. b3 g6 3. Bb2 Bg7 4. e3 0-0 5. Be2 c5 6. c4 d5 7. d3 Nc6 8. 0-0 b6 9. Ne5 Bb7 10. Bf3 Qd6 11. Nxc6 Bxc6 12. Nc3 Rad8 13. Qe2 d4 14. exd4 Bxf3 15. Qxf3 Qxd4 16. Rad1 Qh4 17. h3 Rd7 18. Rfe1 Rfd8 19. Ne4 Nxe4 20. Rxe4 Qg5 21. Bxg7 Kxg7 22. h4 Qf6 23. Rf4 Qe6 24. Re4 Qf5 25. Rf4 Qe6 26. Re4 Qd6 27. h5 e5 28. Qe3 f6 29. hxg6 hxg6 30. Rh4 g5 31. Rh5 Rh8 32. Rxh8 Kxh8 33. Qe4 Kg7 34. g4 Qe6 35. f3 Rd4 36. Qe2 f5 37. gxf5 Qxf5 38. Kf2 Kf6 39. Qe3 Rf4 40. Ke2 g4 41. Rf1 gxf3+ 42. Qxf3 Rxf3 43. Rxf3 Qf4 44. a3 Ke6 45. Rxf4 exf4 46. Kf3 Kf5 47. b4 Ke5 48. bxc5 bxc5 49. a4 a5 0-1

[Event "COL pre olympic sf1"]
[Site "Medellin"]
[Date "2016.03.24"]
[Round "5"]
[White "Sanchez, Victor Hugo"]
[Black "Valderrama Quiceno, Esteban Alberto"]
[Result "0-1"]
[WhiteElo "2235"]
[BlackElo "2406"]
[PlyCount "70"]
[EventDate "2016.03.22"]
[EventType "swiss"]
[EventRounds "9"]
[EventCountry "COL"]
[SourceTitle "CBM 171 Extra"]
[Source "ChessBase"]
[SourceDate "2016.04.26"]
[SourceVersion "1"]
[SourceVersionDate "2016.04.26"]
[SourceQuality "1"]

1. e4 g6 2. d4 Bg7 3. Nc3 d6 4. Be3 a6 5. a4 Nf6 6. f3 Nc6 7. Bc4 0-0 8. Qd2 e5 9. Nge2 exd4 10. Nxd4 Na5 11. Ba2 c5 12. Nde2 Be6 13. Bg5 Nc4 14. Bxc4 Bxc4 15. Rd1 Qa5 16. b3 Be6 17. 0-0 c4 18. Rb1 cxb3 19. cxb3 Qb4 20. Kh1 Rfc8 21. Rfd1 Rc6 22. Bxf6 Bxf6 23. Nd5 Qxd2 24. Nxf6+ Kg7 25. Nh5+ gxh5 26. Rxd2 Rac8 27. Kg1 Rc2 28. Rxc2 Rxc2 29. Kf2 h4 30. Ke3 Kf6 31. a5 d5 32. g3 dxe4 33. fxe4 h3 34. Rf1+ Ke5 35. b4 Rxe2+ 0-1

[Event "Medellin Flores op 22nd"]
[Site "Medellin"]
[Date "2015.08.09"]
[Round "8"]
[White "Sanchez, Victor Hugo"]
[Black "Laverde, Luis Eduardo"]
[Result "1-0"]
[WhiteElo "2191"]
[BlackElo "2164"]
[PlyCount "35"]
[EventDate "2015.08.05"]
[EventType "swiss"]
[EventRounds "9"]
[EventCountry "COL"]
[SourceTitle "EXT 2016"]
[Source "ChessBase"]
[SourceDate "2015.10.08"]
[SourceVersion "1"]
[SourceVersionDate "2015.10.08"]
[SourceQuality "1"]

1. e4 c5 2. Nf3 d6 3. d4 Nf6 4. Nc3 cxd4 5. Nxd4 a6 6. f4 e6 7. Bd3 Nbd7 8. a4 Qc7 9. 0-0 Nc5 10. Kh1 Nxd3 11. cxd3 Bd7 12. Be3 Be7 13. Rc1 Qa5 14. f5 h5 15. fxe6 fxe6 16. Qb3 Kf7 17. Nf3 Kg6 18. Bb6 1-0

[Event "Medellin Flores op 22nd"]
[Site "Medellin"]
[Date "2015.08.07"]
[Round "5"]
[White "Munoz Galvez, Jhon Edison"]
[Black "Sanchez, Victor Hugo"]
[Result "1-0"]
[WhiteElo "2278"]
[BlackElo "2191"]
[PlyCount "83"]
[EventDate "2015.08.05"]
[EventType "swiss"]
[EventRounds "9"]
[EventCountry "COL"]
[SourceTitle "EXT 2016"]
[Source "ChessBase"]
[SourceDate "2015.10.08"]
[SourceVersion "1"]
[SourceVersionDate "2015.10.08"]
[SourceQuality "1"]

1. d4 Nf6 2. c4 g6 3. Nc3 Bg7 4. e4 d6 5. f3 0-0 6. Bg5 Nc6 7. Nge2 a6 8. Qd2 Rb8 9. d5 Ne5 10. Nd4 c5 11. Nc2 Qa5 12. f4 Ned7 13. a4 Re8 14. Be2 e6 15. dxe6 Rxe6 16. Bd3 Qc7 17. 0-0 b6 18. Ne3 Bb7 19. Ned5 Nxd5 20. cxd5 Ree8 21. b3 Bc8 22. Rae1 b5 23. axb5 Qa5 24. e5 dxe5 25. f5 axb5 26. d6 e4 27. fxg6 hxg6 28. Nxe4 Qxd2 29. Nxd2 Rxe1 30. Rxe1 Ne5 31. Nf3 Nxf3+ 32. gxf3 Bh3 33. Kf2 Bf8 34. Be7 Kg7 35. Re5 Be6 36. Rxc5 Bxb3 37. Rxb5 Rxb5 38. Bxb5 Be6 39. Ke3 f6 40. Be8 g5 41. Kd4 Bh3 42. Kc5 1-0

[Event "Cali Parada op 4th"]
[Site "Cali"]
[Date "2015.05.30"]
[Round "4"]
[White "Sanchez, Victor Hugo"]
[Black "Martinez, Cristian Camilo"]
[Result "0-1"]
[WhiteElo "2207"]
[BlackElo "1719"]
[PlyCount "86"]
[EventDate "2015.05.29"]
[EventType "swiss"]
[EventRounds "7"]
[EventCountry "COL"]
[SourceTitle "EXT 2016"]
[Source "ChessBase"]
[SourceDate "2015.10.08"]
[SourceVersion "1"]
[SourceVersionDate "2015.10.08"]
[SourceQuality "1"]

1. Nc3 e5 2. Nf3 Nc6 3. e4 Nf6 4. Bb5 d6 5. d4 exd4 6. Nxd4 Bd7 7. Bxc6 Bxc6 8. 0-0 Bd7 9. Bf4 Be7 10. Re1 0-0 11. h3 Re8 12. Qd3 Bf8 13. Bg5 h6 14. Bh4 Be7 15. Qf3 Nh7 16. Bxe7 Qxe7 17. Nd5 Qd8 18. c4 a6 19. Rad1 Ng5 20. Qd3 Ne6 21. Nf5 Nc5 22. Qg3 Bxf5 23. exf5 Ne4 24. Qf3 Nf6 25. Rxe8+ Nxe8 26. Re1 c6 27. Ne3 Nf6 28. Rd1 Qe7 29. Rd3 Rd8 30. Qd1 b5 31. Ra3 bxc4 32. Nxc4 d5 33. Na5 Rc8 34. Nb3 Qe5 35. Qc2 Qe1+ 36. Kh2 Ne4 37. f3 Qg3+ 38. Kg1 Ng5 39. Nd4 Re8 40. Ne6 fxe6 41. f6 Qe1+ 42. Kh2 Qe5+ 43. Kh1 Qxf6 0-1

[Event "Cali Valle op"]
[Site "Cali"]
[Date "2014.03.23"]
[Round "4"]
[White "Sanchez, Victor Hugo"]
[Black "Morales, Jhon Alexander"]
[Result "1/2-1/2"]
[WhiteElo "2227"]
[BlackElo "2295"]
[PlyCount "25"]
[EventDate "2014.03.21"]
[EventType "swiss"]
[EventRounds "7"]
[EventCountry "COL"]
[SourceTitle "CBM 159 Extra"]
[Source "ChessBase"]
[SourceDate "2014.04.24"]
[SourceVersion "1"]
[SourceVersionDate "2014.04.24"]
[SourceQuality "1"]

1. d4 c5 2. d5 Nf6 3. c4 e5 4. Nf3 d6 5. Nc3 Be7 6. h3 h5 7. e4 h4 8. a3 Nh5 9. b4 Na6 10. Be3 b6 11. Rc1 Kf8 12. Be2 g6 13. Qb3 1/2-1/2

[Event "COL-ch sf"]
[Site "Medellin"]
[Date "2014.??.??"]
[Round "6"]
[White "Barros, Raul"]
[Black "Sanchez, Victor Hugo"]
[Result "0-1"]
[WhiteElo "1986"]
[BlackElo "2235"]
[PlyCount "66"]
[EventDate "2014.04.15"]
[EventType "swiss"]
[EventRounds "11"]
[EventCountry "COL"]
[SourceTitle "CBM 160 Extra"]
[Source "ChessBase"]
[SourceDate "2014.07.01"]
[SourceVersion "1"]
[SourceVersionDate "2014.07.01"]
[SourceQuality "1"]

1. d4 Nf6 2. c4 g6 3. Nc3 Bg7 4. e4 d6 5. Nf3 0-0 6. Be2 e5 7. dxe5 dxe5 8. Qxd8 Rxd8 9. Bg5 c6 10. Nxe5 Re8 11. 0-0-0 Na6 12. Nf3 Nc5 13. Nd2 Ng4 14. Bxg4 Bxg4 15. f3 Bxc3 16. bxc3 Be6 17. Be3 Nd3+ 18. Kc2 Ne5 19. Bd4 Nxc4 20. Nxc4 Bxc4 21. a3 f5 22. exf5 gxf5 23. Rhe1 Kf7 24. f4 b6 25. Be5 Rad8 26. g3 Bd5 27. Kc1 Kg6 28. Bc7 Rxe1 29. Rxe1 Rd7 30. Be5 Kh5 31. h3 Bg2 32. h4 Kg4 33. Re3 Bf3 0-1

[Event "COL-ch sf"]
[Site "Medellin"]
[Date "2014.??.??"]
[Round "4"]
[White "Castano, Jhon Edison"]
[Black "Sanchez, Victor Hugo"]
[Result "1-0"]
[WhiteElo "2078"]
[BlackElo "2235"]
[PlyCount "69"]
[EventDate "2014.04.15"]
[EventType "swiss"]
[EventRounds "11"]
[EventCountry "COL"]
[SourceTitle "CBM 160 Extra"]
[Source "ChessBase"]
[SourceDate "2014.07.01"]
[SourceVersion "1"]
[SourceVersionDate "2014.07.01"]
[SourceQuality "1"]

1. d4 Nf6 2. c4 c5 3. d5 b5 4. cxb5 a6 5. bxa6 g6 6. Nc3 Qa5 7. Bd2 Bg7 8. g3 d6 9. Bg2 0-0 10. Nf3 Nxa6 11. 0-0 Nc7 12. Re1 Nb5 13. Nxb5 Qxb5 14. Bc3 Bg4 15. a4 Qb7 16. Nd2 Ra6 17. h3 Bd7 18. e4 Rfa8 19. b3 Qc8 20. h4 Bh3 21. Bh1 Bd7 22. Nc4 Qf8 23. Rc1 Ng4 24. e5 Bf5 25. Bf3 h5 26. exd6 exd6 27. Bxg7 Qxg7 28. Ne3 Nxe3 29. Rxe3 Rb6 30. Be2 Rb4 31. Bc4 Qf6 32. Qe1 Kg7 33. Re8 Ra7 34. Qc3 Rbb7 35. Rg8+ 1-0

[Event "COL-ch sf"]
[Site "Medellin"]
[Date "2014.??.??"]
[Round "5"]
[White "Sanchez, Victor Hugo"]
[Black "Cadena, Juan Manuel"]
[Result "0-1"]
[WhiteElo "2235"]
[BlackElo "2113"]
[PlyCount "20"]
[EventDate "2014.04.15"]
[EventType "swiss"]
[EventRounds "11"]
[EventCountry "COL"]
[SourceTitle "CBM 160 Extra"]
[Source "ChessBase"]
[SourceDate "2014.07.01"]
[SourceVersion "1"]
[SourceVersionDate "2014.07.01"]
[SourceQuality "1"]

1. e4 e5 2. Nf3 Nf6 3. Bc4 d6 4. Nc3 Nc6 5. d4 exd4 6. Nxd4 Nxd4 7. Qxd4 Be7 8. 0-0 0-0 9. Be3 c6 10. Rad1 Qc7 0-1

[Event "COL-ch sf"]
[Site "Medellin"]
[Date "2014.??.??"]
[Round "7"]
[White "Sanchez, Victor Hugo"]
[Black "Gonzalez Parejo, Ramon Junior"]
[Result "1/2-1/2"]
[WhiteElo "2235"]
[BlackElo "2067"]
[PlyCount "47"]
[EventDate "2014.04.15"]
[EventType "swiss"]
[EventRounds "11"]
[EventCountry "COL"]
[SourceTitle "CBM 160 Extra"]
[Source "ChessBase"]
[SourceDate "2014.07.01"]
[SourceVersion "1"]
[SourceVersionDate "2014.07.01"]
[SourceQuality "1"]

1. e4 g6 2. d4 Bg7 3. Nc3 d6 4. f4 Nf6 5. Nf3 0-0 6. Bd3 c5 7. dxc5 dxc5 8. e5 Nd5 9. Nxd5 Qxd5 10. Qe2 Nc6 11. Be4 Qd7 12. Be3 Qc7 13. Qb5 f6 14. Qxc5 fxe5 15. Nxe5 Bf5 16. Bxf5 Rxf5 17. Qc4+ e6 18. Nxc6 Qxc6 19. Qxc6 bxc6 20. 0-0-0 Bh6 21. g4 Bxf4 22. gxf5 Bxe3+ 23. Kb1 exf5 24. Rd7 1/2-1/2

[Event "COL-ch sf"]
[Site "Medellin"]
[Date "2014.??.??"]
[Round "11"]
[White "Sanchez, Victor Hugo"]
[Black "Nino, Juan Camilo"]
[Result "0-1"]
[WhiteElo "2235"]
[BlackElo "2083"]
[PlyCount "72"]
[EventDate "2014.04.15"]
[EventType "swiss"]
[EventRounds "11"]
[EventCountry "COL"]
[SourceTitle "CBM 160 Extra"]
[Source "ChessBase"]
[SourceDate "2014.07.01"]
[SourceVersion "1"]
[SourceVersionDate "2014.07.01"]
[SourceQuality "1"]

1. e4 e6 2. d4 d5 3. Nc3 Bb4 4. e5 c5 5. a3 Ba5 6. b4 cxd4 7. Nb5 Bc7 8. f4 Ne7 9. Bd3 Nbc6 10. Bb2 a6 11. Nxc7+ Qxc7 12. Nf3 Nf5 13. Bxf5 exf5 14. Bxd4 Nxd4 15. Nxd4 Be6 16. 0-0 Rc8 17. Qd3 g6 18. c3 Qb6 19. Kh1 Ke7 20. a4 Rc4 21. Qh3 Rhc8 22. Qh4+ Kd7 23. a5 Qd8 24. Qf2 Rxc3 25. b5 Qc7 26. bxa6 bxa6 27. Nxe6 Kxe6 28. h3 Rc2 29. Qh4 Qd8 30. Qe1 d4 31. Rb1 Qd5 32. Rb6+ R8c6 33. Rg1 d3 34. Qh4 d2 35. Rb7 Qxg2+ 36. Rxg2 d1Q+ 0-1

[Event "Latin Cup-A 3rd"]
[Site "Cali"]
[Date "2012.10.09"]
[Round "9"]
[White "Sanchez, Victor Hugo"]
[Black "Navia Alvarez, Edwin Adrian"]
[Result "1/2-1/2"]
[WhiteElo "2235"]
[BlackElo "2057"]
[PlyCount "59"]
[EventDate "2012.10.04"]
[EventType "swiss"]
[EventRounds "9"]
[EventCountry "COL"]
[SourceTitle "CBM 150 Extra"]
[Source "ChessBase"]
[SourceDate "2012.10.19"]
[SourceVersion "1"]
[SourceVersionDate "2012.10.19"]
[SourceQuality "1"]

1. e4 c5 2. Nf3 d6 3. d4 cxd4 4. Nxd4 Nf6 5. Nc3 a6 6. f4 e5 7. Nf3 Nbd7 8. a4 Be7 9. Bd3 0-0 10. 0-0 Nc5 11. Kh1 Bg4 12. h3 Bxf3 13. Qxf3 Nxd3 14. cxd3 exf4 15. Bxf4 Qa5 16. Bd2 Qe5 17. Qe3 g6 18. Ne2 Rac8 19. Bc3 Nd5 20. Qf3 Nxc3 21. Nxc3 d5 22. Nxd5 Bd6 23. Nf6+ Kh8 24. Ng4 Qxb2 25. Rab1 Qd4 26. Rxb7 f5 27. Qe3 Qxe3 28. Nxe3 fxe4 29. Rxf8+ Bxf8 30. dxe4 1/2-1/2

[Event "Latin Cup-A 3rd"]
[Site "Cali"]
[Date "2012.10.08"]
[Round "8"]
[White "Sanchez, Victor Hugo"]
[Black "Nunez V, Gustavo Eduardo"]
[Result "0-1"]
[WhiteElo "2235"]
[BlackElo "2234"]
[PlyCount "60"]
[EventDate "2012.10.04"]
[EventType "swiss"]
[EventRounds "9"]
[EventCountry "COL"]
[SourceTitle "CBM 150 Extra"]
[Source "ChessBase"]
[SourceDate "2012.10.19"]
[SourceVersion "1"]
[SourceVersionDate "2012.10.19"]
[SourceQuality "1"]

1. e4 g6 2. d4 Bg7 3. Nc3 d6 4. f4 a6 5. Nf3 b5 6. a4 b4 7. Nd5 Bb7 8. Bd3 a5 9. c3 e6 10. Ne3 Ne7 11. 0-0 0-0 12. Qe1 c5 13. Qh4 cxd4 14. Ng4 h5 15. Ng5 dxc3 16. bxc3 d5 17. e5 Nd7 18. Nf2 Nc5 19. g4 Nxd3 20. Nxd3 d4 21. gxh5 Nf5 22. Qh3 gxh5 23. Nc5 Bc6 24. Qxh5 Bh6 25. Nce4 Bxe4 26. Nxe4 dxc3 27. Nf6+ Kh8 28. Be3 Qd3 29. Rae1 b3 30. Rf3 b2 0-1

[Event "Puerto Boyaca op"]
[Site "Puerto Boyaca"]
[Date "2012.04.29"]
[Round "6"]
[White "Nino, Juan Camilo"]
[Black "Sanchez, Victor Hugo"]
[Result "1-0"]
[WhiteElo "2059"]
[BlackElo "2269"]
[PlyCount "99"]
[EventDate "2012.04.26"]
[EventType "swiss"]
[EventRounds "10"]
[EventCountry "COL"]
[SourceTitle "CBM 148 Extra"]
[Source "ChessBase"]
[SourceDate "2012.06.22"]
[SourceVersion "1"]
[SourceVersionDate "2012.06.22"]
[SourceQuality "1"]

1. e4 e5 2. Nf3 Nc6 3. d4 exd4 4. Nxd4 Nf6 5. Nxc6 bxc6 6. e5 Qe7 7. Qe2 Nd5 8. c4 Nb6 9. f4 Ba6 10. b3 0-0-0 11. Bb2 f6 12. Nd2 fxe5 13. Qxe5 Qf7 14. 0-0-0 c5 15. g3 Re8 16. Qc3 Qh5 17. h3 Bd6 18. h4 Bb7 19. Rg1 Re7 20. a4 Rhe8 21. Bd3 Kb8 22. a5 Nc8 23. Qc2 g6 24. Bf6 Re3 25. Nf1 R3e6 26. Bg5 Qf3 27. Nh2 Qe3+ 28. Kb1 Be4 29. Bxe4 Qxe4 30. Ng4 Qb7 31. Nf6 R8e7 32. Nd5 Re2 33. Qc3 R7e4 34. Nf6 R4e3 35. Nxd7+ Ka8 36. Rd3 Qe4 37. Rgd1 Re1 38. Rxe1 Rxe1+ 39. Ka2 a6 40. Nf6 Qh1 41. Re3 Rc1 42. Qb2 Qd1 43. Re2 Ne7 44. f5 Ra1+ 45. Qxa1 Qxe2+ 46. Qb2 Qe1 47. Qd2 Qxd2+ 48. Bxd2 Nxf5 49. g4 Nxh4 50. Nxh7 1-0

[Event "Valle Region-ch"]
[Site "Cali"]
[Date "2012.03.19"]
[Round "7.3"]
[White "Mateus Urbano, Luis Alejandro"]
[Black "Sanchez, Victor Hugo"]
[Result "1-0"]
[WhiteElo "2246"]
[BlackElo "2269"]
[PlyCount "41"]
[EventDate "2012.03.16"]
[EventType "swiss"]
[EventRounds "7"]
[EventCountry "COL"]
[SourceTitle "EXT 2024"]
[Source "ChessBase"]
[SourceDate "2023.10.10"]
[SourceVersion "1"]
[SourceVersionDate "2023.10.10"]
[SourceQuality "1"]

1. e4 Nf6 2. e5 Nd5 3. c4 Nb6 4. d4 d6 5. exd6 cxd6 6. Nc3 g6 7. Be3 Bg7 8. Rc1 0-0 9. b3 Nc6 10. d5 Ne5 11. Be2 f5 12. f4 Ng4 13. Bxg4 fxg4 14. Nge2 e5 15. dxe6 Bxe6 16. 0-0 d5 17. c5 Nc8 18. Nd4 Bxd4 19. Bxd4 Ne7 20. Qe2 Qd7 21. Qe5 1-0